000 00335nam a2200109Ia 4500
008 171211s9999 xx 000 0 und d
245 _aNeural Cell Transplantation: Methods and Protocols
245 _cDavid Gordon and Neil J. Scolding
260 _c2009
650 _xBiology
856 _uhttp://down.ebook777.com/063/9781603279307.pdf
999 _c350367
_d350367